000 01196cam a22003497a 4500
001 16440753
003 OSt
005 20240704101547.0
008 100831s2010 enkac b 001 0 eng
010 _a 2010459388
015 _aGBB021616
_2bnb
016 7 _a101535949
_2DNLM
016 7 _a015483302
_2Uk
020 _a9780230274716 (hardback)
020 _a0230274714 (hardback)
035 _a(OCoLC)ocn506248749
040 _aNLM
_cMUST
_dUKM
_dBWKUK
_dBWK
_dYDXCP
_dBWX
_dIUL
_dDLC
042 _aukblcatcopy
_anlmcopyc
_alccopycat
082 0 4 _a180 WIL 2010
100 1 _aWilliams, Gareth,
_cMD.
_93120
245 1 0 _aAngel of death :
_bthe story of smallpox /
_cGareth Williams.
260 _aBasingstoke :
_bPalgrave Macmillan,
_c2010.
300 _axix, 425 p. :
_bill., ports. ;
_c21 cm.
504 _aIncludes bibliographical references (p. 402-413) and index.
650 0 _aSmallpox.
_918422
650 1 2 _aSmallpox
_xhistory.
_918423
650 2 2 _aDisease Outbreaks
_xhistory.
_918424
650 2 2 _aHistory, Modern 1601-.
_918425
906 _a7
_bcbc
_ccopycat
_d2
_encip
_f20
_gy-gencatlg
942 _2ddc
_cO_SHELF
999 _c9058
_d9058